[Event "IECG CP.2008.P.00003 email"]
[Site "IECG email"]
[Date "2008.10.01"]
[Round "?"]
[White "Gurgel Azzi, Ricardo"]
[Black "Obando, Daniel"]
[Result "1-0"]
[WhiteElo "1272"]
[BlackElo "1556"]
[PlyCount "44"]
[EventDate "2008.10.01"]
[EventType "tourn (corr)"]
[EventRounds "6"]
[EventCountry "ARG"]
[SourceTitle "Corr 2024"]
[Source "ChessBase"]
[SourceDate "2023.10.19"]
[SourceVersion "1"]
[SourceVersionDate "2023.10.19"]
[SourceQuality "1"]

1. c4 Nf6 2. Nf3 e6 3. d4 d5 4. e3 Bd6 5. c5 Be7 6. b4 Ne4 7. Bb2 a6 8. Bd3 Nc6 9. a3 0-0 10. 0-0 Bd7 11. Nc3 f5 12. Be2 Qe8 13. h3 Bf6 14. Nxe4 fxe4 15. Nd2 Ne7 16. a4 Qg6 17. Bh5 Qh6 18. Bg4 Nf5 19. Re1 Be7 20. a5 Bb5 21. Be2 Bh4 22. Bxb5 Bxf2+ 1-0

[Event "IECG CP.2008.P.00003 email"]
[Site "IECG email"]
[Date "2008.10.01"]
[Round "?"]
[White "Gurgel Azzi, Ricardo"]
[Black "Roth, Christian"]
[Result "1-0"]
[WhiteElo "1272"]
[BlackElo "823"]
[PlyCount "95"]
[EventDate "2008.10.01"]
[EventType "tourn (corr)"]
[EventRounds "6"]
[EventCountry "ARG"]
[SourceTitle "Corr 2024"]
[Source "ChessBase"]
[SourceDate "2023.10.19"]
[SourceVersion "1"]
[SourceVersionDate "2023.10.19"]
[SourceQuality "1"]

1. c4 c5 2. Nf3 Nc6 3. e3 Nf6 4. d4 d5 5. b3 e6 6. Bb2 Bd6 7. cxd5 Nxd5 8. dxc5 Bxc5 9. a3 0-0 10. b4 Bb6 11. Bc4 Re8 12. 0-0 Qe7 13. Bxd5 exd5 14. Qxd5 Be6 15. Qg5 f6 16. Qb5 Red8 17. Nc3 Rab8 18. Na4 Bg4 19. Nxb6 axb6 20. Qc4+ Be6 21. Qh4 Bf5 22. Nd4 Bd3 23. Rfd1 Bg6 24. Nb5 Bc2 25. Qc4+ Kf8 26. Qxc2 g6 27. Qc3 Ne5 28. Qc7 Nd7 29. Qd6 Ne5 30. Bxe5 fxe5 31. Qxe7+ Kxe7 32. Rxd8 Rxd8 33. Kf1 Rd5 34. Nc3 Rd3 35. Ne4 h6 36. Ke2 Rd8 37. Rd1 Ra8 38. Rd3 g5 39. Nd6 Ke6 40. Nxb7 e4 41. Rc3 Kd5 42. Nc5 Rc8 43. Nxe4 Rxc3 44. Nxc3+ Kc4 45. Na4 Kb5 46. Nxb6 Kxb6 47. Kd3 Kb5 48. e4 1-0

[Event "IECG CP.2008.P.00003 email"]
[Site "IECG email"]
[Date "2008.10.01"]
[Round "?"]
[White "Pedro, Fernando Pablo"]
[Black "Gurgel Azzi, Ricardo"]
[Result "1-0"]
[WhiteElo "1963"]
[BlackElo "1272"]
[PlyCount "59"]
[EventDate "2008.10.01"]
[EventType "tourn (corr)"]
[EventRounds "6"]
[EventCountry "ARG"]
[SourceTitle "Corr 2024"]
[Source "ChessBase"]
[SourceDate "2023.10.19"]
[SourceVersion "1"]
[SourceVersionDate "2023.10.19"]
[SourceQuality "1"]

1. d4 e6 2. c4 Bb4+ 3. Nd2 c6 4. a3 Be7 5. e4 d5 6. Ngf3 dxe4 7. Nxe4 Nf6 8. Bd3 Nxe4 9. Bxe4 Nd7 10. Qe2 Nf6 11. 0-0 Qc7 12. Bc2 0-0 13. Bg5 h6 14. Bh4 Nh7 15. Qd3 f5 16. Bxe7 Qxe7 17. Ne5 Qf6 18. f4 b6 19. Nxc6 Bb7 20. Ne5 Rad8 21. Qe3 g5 22. Ba4 Qg7 23. Bc6 Bxc6 24. Nxc6 Rd7 25. Qxe6+ Qf7 26. Qxf7+ Rdxf7 27. Rae1 g4 28. Ne7+ Kg7 29. Re5 Rf6 30. c5 1-0

[Event "IECG CE.2008.0.00105 email"]
[Site "IECG email"]
[Date "2008.06.07"]
[Round "?"]
[White "Gurgel Azzi, Ricardo"]
[Black "Almand, Ken"]
[Result "1-0"]
[WhiteElo "1324"]
[BlackElo "1258"]
[PlyCount "41"]
[EventDate "2008.06.07"]
[EventType "tourn (corr)"]
[EventRounds "6"]
[SourceTitle "Corr 2024"]
[Source "ChessBase"]
[SourceDate "2023.10.19"]
[SourceVersion "1"]
[SourceVersionDate "2023.10.19"]
[SourceQuality "1"]

1. e4 c5 2. c3 Nc6 3. d4 cxd4 4. cxd4 e6 5. Nc3 Bb4 6. Nf3 Bxc3+ 7. bxc3 d6 8. Bb5 Bd7 9. 0-0 Nf6 10. Bd3 0-0 11. Qc2 Rc8 12. e5 dxe5 13. dxe5 Nd5 14. Bxh7+ Kh8 15. Be4 g6 16. c4 Nde7 17. Bg5 Qc7 18. Bf6+ Kg8 19. Nh4 Be8 20. Qd3 Rd8 21. Qh3 1-0

[Event "IECG CE.2007.0.00103 email"]
[Site "IECG email"]
[Date "2007.11.04"]
[Round "?"]
[White "Turner, Larry"]
[Black "Gurgel Azzi, Ricardo"]
[Result "1-0"]
[WhiteElo "1230"]
[BlackElo "1324"]
[PlyCount "23"]
[EventDate "2007.11.04"]
[EventType "tourn (corr)"]
[EventRounds "6"]
[SourceTitle "Corr 2024"]
[Source "ChessBase"]
[SourceDate "2023.10.19"]
[SourceVersion "1"]
[SourceVersionDate "2023.10.19"]
[SourceQuality "1"]

1. e4 e5 2. Nf3 d5 3. exd5 Qxd5 4. Nc3 Qc5 5. d4 exd4 6. Nxd4 Nf6 7. Be3 Qd6 8. Qe2 Be7 9. 0-0-0 Qa6 10. Ndb5 Bd8 11. Bh6+ Be6 12. Bxg7 1-0

[Event "IECG CP.2007.P.00065 email"]
[Site "IECG email"]
[Date "2007.10.01"]
[Round "?"]
[White "Krishnaswamy, Sathish"]
[Black "Gurgel Azzi, Ricardo"]
[Result "1-0"]
[WhiteElo "1081"]
[BlackElo "1324"]
[PlyCount "73"]
[EventDate "2007.10.01"]
[EventType "tourn (corr)"]
[EventRounds "6"]
[EventCountry "ARG"]
[SourceTitle "Corr 2024"]
[Source "ChessBase"]
[SourceDate "2023.10.19"]
[SourceVersion "1"]
[SourceVersionDate "2023.10.19"]
[SourceQuality "1"]

1. e4 d6 2. d4 Nf6 3. Nc3 h6 4. Nf3 e6 5. Be2 a6 6. 0-0 c6 7. Bd3 Be7 8. b3 Qc7 9. Ne2 0-0 10. Bb2 d5 11. e5 Nh7 12. Bxh7+ Kxh7 13. Qd3+ Kg8 14. Nf4 c5 15. Nh5 f5 16. exf6 Bxf6 17. Nxf6+ gxf6 18. Nh4 cxd4 19. Bxd4 Nc6 20. Bc5 Ne5 21. Qg3+ Qg7 22. Qxg7+ Kxg7 23. Bxf8+ Kxf8 24. f4 Ng4 25. Rf3 f5 26. h3 Nf6 27. Ng6+ Kf7 28. Ne5+ Ke7 29. Rg3 Nh5 30. Rg6 Nxf4 31. Rxh6 Kd6 32. Re1 d4 33. Rh4 Nd5 34. Rxd4 Ke7 35. Nc4 Nc7 36. Nb6 Rb8 37. Red1 1-0

[Event "IECG TE.2007.P.02410 email"]
[Site "IECG email"]
[Date "2007.03.31"]
[Round "?"]
[White "Gurgel Azzi, Ricardo"]
[Black "Lo Conte, Vittorio"]
[Result "0-1"]
[WhiteElo "1305"]
[BlackElo "2028"]
[PlyCount "62"]
[EventDate "2007.03.31"]
[EventType "tourn (corr)"]
[EventRounds "12"]
[SourceTitle "Corr 2024"]
[Source "ChessBase"]
[SourceDate "2023.10.19"]
[SourceVersion "1"]
[SourceVersionDate "2023.10.19"]
[SourceQuality "1"]

1. d4 d5 2. c4 e5 3. dxe5 d4 4. Nf3 c5 5. e3 Nc6 6. exd4 cxd4 7. Bd3 Nge7 8. Bg5 Nxe5 9. Nxe5 Qa5+ 10. Bd2 Qxe5+ 11. Qe2 Qxe2+ 12. Bxe2 Ng6 13. f4 Bf5 14. g4 Be4 15. 0-0 0-0-0 16. b4 Be7 17. a3 f5 18. g5 h6 19. Bh5 Nh4 20. g6 Rd6 21. Kf2 Nxg6 22. Rg1 Bh4+ 23. Kf1 Ne7 24. Rxg7 Bd3+ 25. Kg2 Bxc4 26. Kh3 Bf6 27. Rg1 Rhd8 28. a4 d3 29. Ra3 Bb2 30. Rc3 Bxc3 31. Nxc3 Nc6 0-1

[Event "IECG TE.2006.P.02126 email"]
[Site "IECG email"]
[Date "2006.03.17"]
[Round "1"]
[White "Fages, Jorge"]
[Black "Gurgel Azzi, Ricardo"]
[Result "1-0"]
[WhiteElo "1929"]
[BlackElo "1320"]
[PlyCount "53"]
[EventDate "2006.03.17"]
[EventType "tourn (corr)"]
[EventRounds "12"]
[SourceTitle "Corr 2024"]
[Source "ChessBase"]
[SourceDate "2023.10.19"]
[SourceVersion "1"]
[SourceVersionDate "2023.10.19"]
[SourceQuality "1"]

1. e4 c5 2. f4 e6 3. Nf3 d5 4. e5 a6 5. c3 g6 6. Be2 Bg7 7. d4 c4 8. 0-0 Ne7 9. b3 b5 10. Ba3 Nf5 11. Qc1 Nc6 12. Bc5 Nce7 13. g4 Nh6 14. Nh4 Nef5 15. Ng2 Nh4 16. Ne3 g5 17. fxg5 Qxg5 18. Nf5 Qxc1 19. Nxg7+ Kd7 20. Rxc1 Rg8 21. Nh5 Nxg4 22. Bxg4 Rxg4+ 23. Kh1 Rg6 24. Nf6+ Kc6 25. Nd2 Bd7 26. a4 Rg2 27. axb5+ 1-0

[Event "IECG TE.2006.P.02126 email"]
[Site "IECG email"]
[Date "2006.03.11"]
[Round "?"]
[White "Daelemans, Hugo"]
[Black "Gurgel Azzi, Ricardo"]
[Result "1-0"]
[WhiteElo "823"]
[BlackElo "1320"]
[PlyCount "71"]
[EventDate "2006.03.17"]
[EventType "tourn (corr)"]
[EventRounds "12"]
[SourceTitle "Corr 2024"]
[Source "ChessBase"]
[SourceDate "2023.10.19"]
[SourceVersion "1"]
[SourceVersionDate "2023.10.19"]
[SourceQuality "1"]

1. e4 c5 2. f4 e6 3. Nf3 d5 4. Nc3 d4 5. Bb5+ Bd7 6. Bxd7+ Nxd7 7. Ne2 Ngf6 8. e5 Nd5 9. c4 Nc7 10. d3 Be7 11. 0-0 0-0 12. b4 b6 13. Bb2 Re8 14. Rb1 Nf8 15. bxc5 bxc5 16. Qa4 Qd7 17. Qxd7 Nxd7 18. Ba3 Nb6 19. Nd2 Rac8 20. Ne4 Na6 21. Rb5 f5 22. exf6 gxf6 23. Ra5 Nb4 24. Bxb4 cxb4 25. Rf3 f5 26. Nd2 Rc7 27. Nxd4 Bc5 28. N2b3 Bf8 29. Re3 Kf7 30. Nxf5 Kg6 31. Nfd4 Bg7 32. f5+ Kf6 33. Nxe6 Rce7 34. Nbc5 Bh6 35. Rh3 Bd2 36. Ne4+ 1-0

[Event "IECG TE.2006.P.02126 email"]
[Site "IECG email"]
[Date "2006.03.11"]
[Round "1"]
[White "Gurgel Azzi, Ricardo"]
[Black "Daelemans, Hugo"]
[Result "0-1"]
[WhiteElo "1320"]
[BlackElo "823"]
[PlyCount "42"]
[EventDate "2006.03.17"]
[EventType "tourn (corr)"]
[EventRounds "12"]
[SourceTitle "Corr 2024"]
[Source "ChessBase"]
[SourceDate "2023.10.19"]
[SourceVersion "1"]
[SourceVersionDate "2023.10.19"]
[SourceQuality "1"]

1. e4 c5 2. f4 Nf6 3. e5 Nd5 4. d3 d6 5. c4 Nb6 6. Nf3 Nc6 7. a3 dxe5 8. Nxe5 Nxe5 9. fxe5 g6 10. b3 Bg7 11. Bb2 Qc7 12. d4 0-0 13. d5 Bxe5 14. Ra2 Bxb2 15. Rxb2 e6 16. dxe6 fxe6 17. Be2 Qe5 18. Rc2 Bd7 19. Rd2 Bc6 20. Rd3 Bxg2 21. Rg1 Qxh2 0-1

[Event "IECG CP.2003.P.00060 email"]
[Site "IECG email"]
[Date "2003.10.01"]
[Round "?"]
[White "Timar, Zsolt"]
[Black "Gurgel Azzi, Ricardo"]
[Result "1-0"]
[WhiteElo "2212"]
[BlackElo "1345"]
[PlyCount "51"]
[EventDate "2003.10.01"]
[EventType "tourn (corr)"]
[EventRounds "6"]
[EventCountry "ITA"]
[SourceTitle "Corr 2008"]
[Source "ChessBase"]
[SourceDate "2008.06.24"]
[SourceVersion "1"]
[SourceVersionDate "2008.06.24"]
[SourceQuality "1"]

1. e4 c5 2. d4 cxd4 3. c3 dxc3 4. Nxc3 Nc6 5. Nf3 d6 6. Bc4 Nf6 7. e5 dxe5 8. Qxd8+ Nxd8 9. Nb5 Rb8 10. Nxe5 e6 11. Nc7+ Ke7 12. Be3 Kd6 13. Bf4 Ke7 14. 0-0-0 Nd7 15. Bb5 Nxe5 16. Bxe5 Nc6 17. Bd6+ Kd8 18. Bxf8+ Kxc7 19. Bd6+ Kb6 20. Bxc6 Ra8 21. Ba4 a6 22. Rd3 Ka7 23. Rhd1 b5 24. Bc2 Kb6 25. Be5 Bd7 26. Rxd7 1-0